A feiticeira do parque (Registo nº 53068)

Detalhes MARC
000 -Etiqueta do registo
campo de controlo de comprimento fixo 006590000a22002170004500
001 - Identificador do registo
Campo de controlo 53068
010 ## - ISBN
Número (ISBN) 972-649-202-5
100 ## - Dados Gerais de Proc.
Dados gerais de processamento 20090211d1990 a y0pory5003 ba
101 0# - Língua da publicação
Língua do texto, banda sonora, etc. Português
102 ## - País de Publicação
País de publicação Portugal
200 1# - Título
Título próprio A feiticeira do parque
Primeira menção de responsabilidade Marléne Jobert
Outras menções de responsabilidade il. Sophie Toussaint
-- trad. Ana Paula Silva
210 ## - Publicação, Distribuição
Lugar da edição, distribuição, etc. [Porto]
Nome do editor, distribuidor, etc. Desabrochar
Data da publicação, distribuição, etc. 1990
215 ## - Descrição física
Descrição física 107 p.
675 ## - CDU
Notação 087.5
Edição BN
Língua da edição Português
675 ## - CDU
Notação 821.133.1-34
Edição BN
Língua da edição Português
700 #1 - Responsabilidade principal
Palavra de ordem Jobert
Outra parte do nome Marléne
702 #1 - Responsabilidade secundária
Koha Internal Code 45684
Código de função Ilustrador
Palavra de ordem Toussaint
Outra parte do nome Sophie
702 ## - Responsabilidade secundária
Koha Internal Code 42602
Código de função Tradutor
Palavra de ordem Silva
Outra parte do nome Ana Paula
090 ## - Números de controlo do sistema (Koha)
Número biblioitem do Koha (gerado automaticamente) 53068
942 ## - Elementos de entrada adicionados (Koha)
Tipo de item no Koha Monografias
Suprimido Disponível no OPAC
999 ## - Campo local
Campo local 53068
-- Bibliobase - BEBDMI
-- 2019-01-21
Exemplares
Removido (estado) Perdido (estado) Data de aquisição Origem do registo (biblioteca) (codificado) Código da organização que empresta ou é detentora (biblioteca) Código de barras Número de inventário Cota Data de empréstimo ou depósito Tipo de circulação (não pode ser emprestado) Tipo de item e material
Abatido Disponível 2009-02-11 Biblioteca EB23 D. Manuel I Biblioteca EB23 D. Manuel I BEBDMI718 718 I - 3 JOB 2022-11-25 Normal Monografias